[Event "Flint (Class C/2)"]
[Site "?"]
[Date "1993.??.??"]
[Round "?"]
[White "Landon, Jason"]
[Black "Williams, Claude"]
[Result "1-0"]
[WhiteElo "1605"]
[BlackElo "1605"]
[PlyCount "31"]
[EventDate "1993.??.??"]

1. e4 c5 2. Bc4 Nc6 3. d3 g6 4. Nf3 Bg7 5. Nc3 Nf6 6. Bf4 a6 7. e5 Ng4 8. Ng5
Ngxe5 9. Nd5 Nxc4 10. Bc7 Nxb2 11. Qd2 Na4 12. Bxd8 Bxa1 13. O-O O-O 14. Bxe7
Re8 15. Qf4 Rxe7 16. Nxe7+ 1-0

[Event "Flint (Class C/4)"]
[Site "?"]
[Date "1993.??.??"]
[Round "?"]
[White "Landon, Jason"]
[Black "Juska, K."]
[Result "0-1"]
[WhiteElo "1605"]
[BlackElo "1605"]
[PlyCount "106"]
[EventDate "1993.??.??"]

1. e4 d5 2. e5 c5 3. d4 c4 4. c3 Bf5 5. b3 b5 6. Ne2 Bd3 7. Ng3 Bxf1 8. Nxf1 e6
9. Ne3 Ne7 10. Nd2 Ng6 11. Nf3 Be7 12. O-O O-O 13. Ng4 Nc6 14. Be3 Nb8 15. Qd2
Nd7 16. Rfe1 Rb8 17. Rab1 h5 18. Nh6+ gxh6 19. Bxh6 Re8 20. Ng5 Bf8 21. Nh3 Kh7
22. Ng5+ Kg8 23. Nh3 Kh7 24. Bg5 Be7 25. Bxe7 Qxe7 26. Re3 Rh8 27. Rf3 Kg7 28.
Ng5 f6 29. exf6+ Nxf6 30. Re1 Rhe8 31. Rxe6 Qxe6 32. Nxe6+ Rxe6 33. h3 Rbe8 34.
Rg3 Ne4 35. Qf4 Nxg3 36. Qxg3 h4 37. Qc7+ R8e7 38. Qc5 Re1+ 39. Kh2 Rf1 40.
Qxd5 Ree1 41. Qb7+ Kh6 42. g4 Rxf2+ 43. Qg2 Rxg2+ 44. Kxg2 Re2+ 45. Kf3 Rxa2
46. bxc4 bxc4 47. d5 Ra3 48. Ke4 Rxc3 49. Kd4 Rd3+ 50. Kxc4 Rxd5 51. Kxd5 Kg5
52. Kc6 Nf4 53. Kb7 a5 0-1

[Event "Gaylord (NMO/3/20)"]
[Site "?"]
[Date "1993.??.??"]
[Round "?"]
[White "Laemers, J."]
[Black "Worley, Ron"]
[Result "1-0"]
[WhiteElo "1605"]
[BlackElo "1605"]
[PlyCount "43"]
[EventDate "1993.??.??"]

{3/(20)} 1. Nf3 d5 2. c4 c6 3. e3 Bg4 4. a3 g6 5. d4 Bg7 6. b4 e5 7. dxe5 Bxe5
8. Ra2 d4 9. Be2 Bg7 10. Rd2 Qe7 11. Nxd4 Bd7 12. O-O Nf6 13. Nc3 O-O 14. c5 h5
15. Bd3 Ng4 16. Ne4 Bf5 17. Nxf5 gxf5 18. Nd6 Qe5 19. g3 h4 20. Bb2 Qd5 21.
Bxf5 Qa2 22. Bxg7 1-0

[Event "Gaylord (NMO/1/5)"]
[Site "?"]
[Date "1993.??.??"]
[Round "?"]
[White "Laemers, J."]
[Black "Moody, David"]
[Result "0-1"]
[WhiteElo "1605"]
[BlackElo "2020"]
[PlyCount "72"]
[EventDate "1993.??.??"]

{1/(5)} 1. Nf3 f5 2. c4 Nf6 3. a3 d6 4. b4 e5 5. Bb2 g6 6. Nc3 Bg7 7. e3 O-O 8.
Be2 Nc6 9. O-O e4 10. Ne1 Be6 11. d4 d5 12. cxd5 Bxd5 13. Nxd5 Nxd5 14. Rc1 Kh8
15. Rc5 f4 16. Nc2 Nce7 17. Qc1 Qd7 18. f3 fxe3 19. fxe4 Nb6 20. Qxe3 Na4 21.
Bb5 Nxc5 22. Bxd7 Nxd7 23. e5 Nd5 24. Qe4 Rxf1+ 25. Kxf1 Rf8+ 26. Kg1 c6 27. e6
N7f6 28. Qe1 Re8 29. a4 Nf4 30. Ba1 Rxe6 31. Qh4 Re4 32. Qf2 N6d5 33. Qf3 Re2
34. Ne3 Rxe3 35. Qg4 Re1+ 36. Kf2 Nd3+ 0-1

[Event "Lansing (MI Am/2)"]
[Site "?"]
[Date "1993.??.??"]
[Round "?"]
[White "Labiner, Jordan"]
[Black "Brown, Dan"]
[Result "1-0"]
[WhiteElo "1625"]
[BlackElo "1885"]
[PlyCount "107"]
[EventDate "1993.??.??"]

1. a3 Nf6 2. d4 d5 3. c4 e6 4. Bg5 Be7 5. Nc3 Nbd7 6. e3 h6 7. Bh4 O-O 8. Nf3
a6 9. Rc1 dxc4 10. Bxc4 b5 11. Ba2 Bb7 12. O-O Rc8 13. Bxf6 Nxf6 14. Qe2 c5 15.
Rfd1 c4 16. Bb1 Qc7 17. Ne5 Bd6 18. f4 Bxe5 19. fxe5 Nd5 20. Ne4 Rcd8 21. Nc5
Qe7 22. Rf1 Bc8 23. Rf3 f5 24. Rcf1 Nb6 25. Qf2 Nd7 26. Nxd7 Bxd7 27. Rh3 Bc6
28. Qg3 Kh7 29. Bc2 Bd5 30. Bd1 g5 31. Qf2 Be4 32. Bf3 Bxf3 33. Rxf3 Kg7 34.
Re1 Qa7 35. Rf1 f4 36. exf4 Qxd4 37. fxg5 Qxf2+ 38. R1xf2 Rd1+ 39. Rf1 Rxf1+
40. Kxf1 Rxf3+ 41. gxf3 hxg5 42. Ke2 Kg6 43. Ke3 Kf5 44. Kd4 Kf4 45. Kc5 Kxf3
46. Kd6 Kg2 47. Kxe6 Kxh2 48. Kf5 a5 49. e6 b4 50. axb4 axb4 51. e7 c3 52. bxc3
bxc3 53. e8=Q g4 54. Kxg4 1-0

[Event "Lansing (MI Am/4)"]
[Site "?"]
[Date "1993.??.??"]
[Round "?"]
[White "Labiner, Jordan"]
[Black "Beydoun, N."]
[Result "0-1"]
[WhiteElo "1625"]
[BlackElo "1925"]
[PlyCount "62"]
[EventDate "1993.??.??"]

1. f4 c5 2. Nf3 Nf6 3. e3 Nc6 4. b3 d5 5. Bb5 a6 6. Bxc6+ bxc6 7. Bb2 e6 8. O-O
Be7 9. d3 Qb6 10. Qe1 Bb7 11. Ne5 d4 12. Nd2 dxe3 13. Qxe3 Nd5 14. Qf2 f6 15.
Nec4 Qc7 16. Ne4 O-O-O 17. Rae1 Rhe8 18. g3 h5 19. Nxc5 Bxc5 20. Qxc5 h4 21.
Ba3 Kb8 22. Nd6 Rh8 23. Rxe6 hxg3 24. hxg3 Rh3 25. Kg2 Qd7 26. Rfe1 Rh5 27. Qd4
c5 28. Bxc5 Nxf4+ 29. Kf2 Rh2+ 30. Kg1 Rh1+ 31. Kf2 Nh3+ 0-1

[Event "Eastpointe (MI Action/1/11)"]
[Site "?"]
[Date "1993.??.??"]
[Round "?"]
[White "LaMar, Frank"]
[Black "Walker, Anthony"]
[Result "1-0"]
[WhiteElo "2000"]
[BlackElo "1605"]
[PlyCount "38"]
[EventDate "1993.??.??"]

{1/(11)} 1. e4 e6 2. d4 d5 3. Nc3 Bb4 4. a3 Bxc3+ 5. bxc3 dxe4 6. Qg4 g6 7.
Qxe4 Nc6 8. Nf3 Nf6 9. Qh4 Nd5 10. Bg5 Qd6 11. c4 f6 12. Bd2 Nde7 13. Bd3 Bd7
14. Be4 Nxd4 15. Nxd4 Qxd4 16. Bxg6+ hxg6 17. Qxd4 e5 18. Qc5 c6 19. Bb4 Rh7
1-0

[Event "Eastpointe (MI Action/3/2)"]
[Site "?"]
[Date "1993.??.??"]
[Round "?"]
[White "LaMar, Frank"]
[Black "Tsemekhman, Vadim"]
[Result "0-1"]
[WhiteElo "2000"]
[BlackElo "2430"]
[PlyCount "59"]
[EventDate "1993.??.??"]

{3/(2)} 1. e4 e6 2. d4 d5 3. Nc3 Nf6 4. e5 Nfd7 5. Bb5 a6 6. Bxd7+ Bxd7 7. Qg4
Nc6 8. Nce2 Nb4 9. Bg5 Be7 10. Bxe7 Qxe7 11. Kd2 O-O-O 12. a3 Nc6 13. Nf3 f6
14. Qg3 Kb8 15. Rhc1 Be8 16. b4 Bh5 17. b5 axb5 18. Rcb1 Na5 19. Rxb5 Nc4+ 20.
Kd1 f5 21. Nf4 Be8 22. Rb4 h6 23. Nd3 g5 24. Nd2 Bh5+ 25. Kc1 b6 26. a4 Be2 27.
Nc5 Ka8 28. Qc3 Nxd2 29. Kxd2 Bc4 30. Rab1 0-1

[Event "East Lansing (MI Op/6/17)"]
[Site "?"]
[Date "1993.??.??"]
[Round "?"]
[White "LaMar, Frank"]
[Black "Taylor, E."]
[Result "1-0"]
[WhiteElo "2085"]
[BlackElo "1950"]
[PlyCount "55"]
[EventDate "1993.??.??"]

{6/(17)} 1. e4 c5 2. d4 cxd4 3. c3 dxc3 4. Nxc3 e6 5. Nf3 Be7 6. Bc4 d6 7. O-O
Nf6 8. Qe2 O-O 9. Rd1 Nc6 10. e5 Ne8 11. exd6 Bxd6 12. Nb5 Qe7 13. Bg5 f6 14.
Be3 Kh8 15. Rxd6 Nxd6 16. Bc5 Rd8 17. Rd1 b6 18. Bxd6 Qd7 19. Nc7 Na5 20. Bb5
Qf7 21. Nxa8 a6 22. Bxa6 Bb7 23. Nxb6 Nc6 24. Bxb7 Qxb7 25. Bc5 Rxd1+ 26. Qxd1
Qb8 27. Qd7 Na7 28. Qd6 1-0

[Event "East Lansing (MI Op/7/11)"]
[Site "?"]
[Date "1993.??.??"]
[Round "?"]
[White "LaMar, Frank"]
[Black "Smith, Walt"]
[Result "0-1"]
[WhiteElo "2085"]
[BlackElo "1970"]
[PlyCount "46"]
[EventDate "1993.??.??"]

{7/(11)} 1. e4 c5 2. Nf3 Nc6 3. d4 cxd4 4. Nxd4 Nf6 5. Nc3 g6 6. Bc4 Bg7 7. O-O
O-O 8. Be3 Qc7 9. Qd2 Nxd4 10. Bxd4 Qxc4 11. b3 Qc6 12. Rfe1 d6 13. f4 Be6 14.
Rad1 Rac8 15. h3 b5 16. a3 a5 17. b4 axb4 18. axb4 Qc4 19. Ra1 Rfd8 20. Re2
Nxe4 21. Nxe4 Qxd4+ 22. Qxd4 Bxd4+ 23. Kh1 Bf5 0-1

[Event "Troy (TCC/X/2/6)"]
[Site "?"]
[Date "1993.??.??"]
[Round "?"]
[White "LaMar, Frank"]
[Black "Linn, Peter"]
[Result "0-1"]
[WhiteElo "2070"]
[BlackElo "2140"]
[PlyCount "54"]
[EventDate "1993.??.??"]

{2/(6)} 1. e4 e6 2. d4 d5 3. Nc3 Bb4 4. a3 Bxc3+ 5. bxc3 dxe4 6. Qg4 Nf6 7.
Qxg7 Rg8 8. Qh6 Nbd7 9. Nh3 b6 10. Bg5 Rg6 11. Qh4 h6 12. Bxf6 Nxf6 13. Nf4 Rg4
14. Qxh6 Bb7 15. h3 Rg8 16. Nh5 Nxh5 17. Qxh5 Qf6 18. Qe2 O-O-O 19. Qe3 e5 20.
Rd1 Qe7 21. h4 f5 22. g3 f4 23. gxf4 exf4 24. Qh3+ Kb8 25. Bc4 Rge8 26. d5 e3
27. fxe3 Qc5 0-1

[Event "East Lansing (MI Op/2/19)"]
[Site "?"]
[Date "1993.??.??"]
[Round "?"]
[White "LaMar, Frank"]
[Black "Ford, William"]
[Result "1-0"]
[WhiteElo "2085"]
[BlackElo "1930"]
[PlyCount "53"]
[EventDate "1993.??.??"]

{2/(19)} 1. e4 e5 2. Nf3 Nf6 3. Nxe5 d6 4. Nf3 Nxe4 5. Nc3 Nxc3 6. bxc3 Bg4 7.
h3 Bh5 8. Be2 Be7 9. Bb2 Nd7 10. d4 d5 11. c4 Nf6 12. c5 O-O 13. O-O Ne4 14. a4
Bf6 15. a5 Nxc5 16. Ba3 b6 17. dxc5 Bxa1 18. cxb6 Re8 19. b7 Rb8 20. a6 Bc3 21.
Bc5 c6 22. Bxa7 Re4 23. Bxb8 Qxb8 24. Qd3 Ba5 25. Rb1 Rb4 26. Rxb4 Bg6 27. a7
1-0

[Event "East Lansing (MI Op/4/15)"]
[Site "?"]
[Date "1993.??.??"]
[Round "?"]
[White "LaMar, Frank"]
[Black "Conley, Steve"]
[Result "0-1"]
[WhiteElo "2085"]
[BlackElo "1930"]
[PlyCount "74"]
[EventDate "1993.??.??"]

{4/(15)} 1. e4 Nf6 2. e5 Nd5 3. Bc4 Nb6 4. Bb3 d5 5. d4 Bf5 6. g4 Bg6 7. f4 e6
8. h4 h5 9. g5 c5 10. c3 Nc6 11. Nf3 a5 12. Bc2 Bxc2 13. Qxc2 g6 14. O-O a4 15.
b3 cxd4 16. Nxd4 Bc5 17. Bb2 Qc7 18. Qd3 O-O 19. Nd2 Bxd4+ 20. cxd4 a3 21. Bc3
Nc8 22. b4 N8e7 23. b5 Na5 24. Bb4 Rfe8 25. Bxa3 Nf5 26. Rfc1 Nc4 27. Bb4 Rec8
28. Nf3 Ra4 29. Bc5 b6 30. Qb3 Rca8 31. Bb4 Qd7 32. Kf2 Qxb5 33. Bc3 Rxa2+ 34.
Rxa2 Qxb3 35. Rxa8+ Kg7 36. Rca1 Nfe3 37. Kg3 Qc2 0-1

[Event "Troy (TCC/X/1a/1)"]
[Site "?"]
[Date "1993.??.??"]
[Round "?"]
[White "LaMar, Frank"]
[Black "Beider, Andrew"]
[Result "0-1"]
[WhiteElo "2070"]
[BlackElo "2155"]
[PlyCount "66"]
[EventDate "1993.??.??"]

1. e4 c5 2. Nf3 d6 3. d4 cxd4 4. Nxd4 Nf6 5. Nc3 a6 6. Be2 e6 7. O-O Be7 8. h3
O-O 9. Be3 b5 10. Bf3 Bb7 11. e5 Nd5 12. Nxd5 exd5 13. e6 Bf6 14. exf7+ Rxf7
15. Ne6 Qc8 16. Bxd5 Bxd5 17. Qxd5 Qc6 18. Qb3 Nd7 19. Rad1 Nc5 20. Nxc5 dxc5
21. c4 Raf8 22. cxb5 axb5 23. Rd5 Be7 24. Rc1 Qe6 25. Bxc5 Bxc5 26. Rcxc5 Rxf2
27. Rxb5 Qe1+ 28. Kh2 Rxg2+ 29. Kxg2 Qf1+ 30. Kh2 Qe2+ 31. Kg3 Qf2+ 32. Kg4
Rf4+ 33. Kg5 Qh4# 0-1

[Event "Eastpointe (MI Action/6/4)"]
[Site "?"]
[Date "1993.??.??"]
[Round "?"]
[White "LaMar, Frank"]
[Black "Baze, Lineas"]
[Result "1-0"]
[WhiteElo "2000"]
[BlackElo "2075"]
[PlyCount "46"]
[EventDate "1993.??.??"]

{6/(4)} 1. e4 c5 2. d4 cxd4 3. c3 dxc3 4. Nxc3 Nc6 5. Bc4 e6 6. Nf3 d6 7. Qe2
Ne5 8. Nxe5 dxe5 9. O-O a6 10. Rd1 Qc7 11. Be3 Bc5 12. Nb5 axb5 13. Bxb5+ Ke7
14. Rac1 b6 15. b4 Nf6 16. Rxc5 Qa7 17. Qd3 Nxe4 18. Qxe4 Rd8 19. Rxd8 Kxd8 20.
Rc1 f6 21. Qc6 Bd7 22. Rd1 Ke7 23. Rxd7+ Kf8 1-0

[Event "Eastpointe (MI Action/5/3)"]
[Site "?"]
[Date "1993.??.??"]
[Round "?"]
[White "LaMar, Frank"]
[Black "Andrews, Steve"]
[Result "1-0"]
[WhiteElo "2000"]
[BlackElo "2220"]
[PlyCount "68"]
[EventDate "1993.??.??"]

{5/(3)} 1. e4 c5 2. d4 cxd4 3. c3 Nf6 4. e5 Nd5 5. cxd4 e6 6. Nf3 d6 7. Bb5+
Bd7 8. Bxd7+ Nxd7 9. O-O Be7 10. Nbd2 dxe5 11. dxe5 O-O 12. Nb3 Qc7 13. Qe2
Rac8 14. Bd2 Qc2 15. Qb5 Qc6 16. Nbd4 Qxb5 17. Nxb5 Rc2 18. Bc1 Bc5 19. Nbd4
Rc4 20. Be3 Nxe3 21. fxe3 Bb6 22. Rad1 Nc5 23. b3 Rc3 24. Rfe1 Ne4 25. Nd2 Nc5
26. Nc4 h6 27. Nd6 Nd3 28. Re2 Nxe5 29. Nxb7 Ng4 30. Nc2 Rfc8 31. h3 Nxe3 32.
Nxe3 Rxe3 33. Rxe3 Bxe3+ 34. Kf1 Rc2 1-0

[Event "Flint (Class C/5)"]
[Site "?"]
[Date "1993.??.??"]
[Round "?"]
[White "LaGuire, D."]
[Black "Wheeler, R."]
[Result "0-1"]
[WhiteElo "1605"]
[BlackElo "1605"]
[PlyCount "54"]
[EventDate "1993.??.??"]

1. Nf3 Nf6 2. b3 d5 3. Bb2 e6 4. e3 Be7 5. Bb5+ c6 6. Be2 c5 7. c4 Nc6 8. cxd5
exd5 9. O-O O-O 10. d4 b6 11. Nbd2 Bb7 12. Rc1 Nd7 13. Re1 Rc8 14. e4 dxe4 15.
Nxe4 Nxd4 16. Nxd4 Bxe4 17. Nf3 Bb7 18. Bc4 Bf6 19. Bc3 Re8 20. Rxe8+ Qxe8 21.
Bb5 Bc6 22. Bxc6 Rxc6 23. Qd3 Bxc3 24. Qxc3 Nf6 25. Re1 Re6 26. Ne5 Nd5 27. Qf3
Rxe5 0-1

[Event "Flint (Class C/1)"]
[Site "?"]
[Date "1993.??.??"]
[Round "?"]
[White "LaGuire, D."]
[Black "Snobeck, Michael"]
[Result "0-1"]
[WhiteElo "1605"]
[BlackElo "1605"]
[PlyCount "126"]
[EventDate "1993.??.??"]

1. Nf3 Nf6 2. b3 g6 3. Bb2 Bg7 4. e3 d6 5. h3 O-O 6. Be2 e5 7. d3 Nc6 8. Nbd2
Nd7 9. c4 f5 10. g3 Nf6 11. Nh2 Be6 12. Bf3 Nb4 13. Ndf1 Nxd3+ 14. Qxd3 e4 15.
Bxe4 fxe4 16. Qc2 Bxh3 17. O-O-O Qe7 18. Rd2 Rf7 19. Qd1 h5 20. f3 exf3 21.
Qxf3 Ne4 22. Qe2 Nxd2 23. Qxd2 Raf8 24. Bxg7 Kxg7 25. Qd4+ Kh7 26. g4 Bxf1 27.
gxh5 Qe5 28. hxg6+ Kg7 29. gxf7 Qxd4 30. Rg1+ Kh6 31. exd4 Bh3 32. Ng4+ Kh5 33.
Nf6+ Kh4 34. Rg7 Be6 35. d5 Rxf7 36. Rxf7 Bxf7 37. Ne4 Kg4 38. Kd2 Kf4 39. Nc3
a6 40. b4 c6 41. a4 cxd5 42. cxd5 Ke5 43. a5 Bxd5 44. b5 Kd4 45. bxa6 bxa6 46.
Na4 Kc4 47. Nc3 Be6 48. Ne4 d5 49. Nd6+ Kb4 50. Nb7 Bd7 51. Kd3 Bc6 52. Nd8 Ba8
53. Kd4 Kxa5 54. Kc5 Ka4 55. Nc6 a5 56. Nd4 Ka3 57. Kb5 a4 58. Ka5 Bb7 59. Kb6
Kb2 60. Nb5 a3 61. Nxa3 Kxa3 62. Kb5 Kb3 63. Kc5 Kc3 0-1

[Event "Flint (Class C/3)"]
[Site "?"]
[Date "1993.??.??"]
[Round "?"]
[White "LaGuire, D."]
[Black "Landon, Jason"]
[Result "0-1"]
[WhiteElo "1605"]
[BlackElo "1605"]
[PlyCount "102"]
[EventDate "1993.??.??"]

1. e4 e6 2. d4 d5 3. e5 c5 4. c3 Nc6 5. Bd3 cxd4 6. cxd4 Nxd4 7. Qa4+ Nc6 8.
Nf3 Bd7 9. Qf4 Nb4 10. Qd2 Rc8 11. Nc3 Ne7 12. Nd4 Nec6 13. Nxc6 Nxc6 14. Qe2
a6 15. O-O g6 16. f4 Bg7 17. Qf2 O-O 18. Ne2 Nb4 19. Qd4 Nxd3 20. Qxd3 Bb5 21.
Qe3 Rc2 22. Nd4 Bxf1 23. Nxc2 Bc4 24. b3 Bb5 25. Ba3 Re8 26. Bc5 Qc7 27. Qf2
Rc8 28. b4 b6 29. a4 Be8 30. Bxb6 Qxc2 31. Bc5 Qxf2+ 32. Kxf2 Bf8 33. Rc1 Bxc5+
34. bxc5 Bxa4 35. Ke3 Bb5 36. Kd4 Bc4 37. Rb1 Bb5 38. g4 Kg7 39. h4 h6 40. f5
Rf8 41. f6+ Kh7 42. Rc1 Rc8 43. Rb1 Kg8 44. g5 h5 45. Rb2 Kf8 46. Rb4 Ke8 47.
Rb1 Kd7 48. Rc1 Kc6 49. Rc3 Rb8 50. Rc1 Bc4 51. Rc3 Rb3 0-1

[Event "Troy (TCC/X/4/9)"]
[Site "?"]
[Date "1993.??.??"]
[Round "?"]
[White "LaForge, Tom"]
[Black "Townsend, Paul"]
[Result "1-0"]
[WhiteElo "2005"]
[BlackElo "1830"]
[PlyCount "91"]
[EventDate "1993.??.??"]

{4/(9)} 1. e4 e6 2. d4 b6 3. Nf3 Bb7 4. Bd3 Nf6 5. Qe2 Be7 6. O-O O-O 7. c4 d6
8. Nc3 Nbd7 9. b3 e5 10. d5 Re8 11. Bb2 Nf8 12. Ne1 Ng6 13. g3 Bc8 14. Ng2 Bh3
15. Nd1 Qd7 16. Nde3 Ng4 17. f3 Nxe3 18. Qxe3 Bxg2 19. Kxg2 Bf6 20. Qe2 Qe7 21.
Rae1 Qd8 22. Kh1 Qe7 23. Rf2 a5 24. a3 Qd8 25. Qc2 Qd7 26. Bf1 Rf8 27. Qd3 Rfe8
28. Bg2 Bg5 29. Rfe2 Qe7 30. Bh3 Bf4 31. Bf5 Bg5 32. f4 Bf6 33. Bxg6 hxg6 34.
f5 gxf5 35. exf5 Qd7 36. Qe4 Kf8 37. Rg1 Bg5 38. Qg4 Bh6 39. Rf1 Qe7 40. f6
gxf6 41. Re4 Rad8 42. Qh5 Kg7 43. Rg4+ Bg5 44. Rf5 Rh8 45. Rgxg5+ fxg5 46.
Rxg5+ 1-0

[Event "Eastpointe (EDO/4/7)"]
[Site "?"]
[Date "1993.??.??"]
[Round "?"]
[White "LaForge, Tom"]
[Black "Carvell, John"]
[Result "1-0"]
[WhiteElo "2005"]
[BlackElo "1605"]
[PlyCount "69"]
[EventDate "1993.??.??"]

{4/(7)} 1. e4 e5 2. Bc4 Nf6 3. d3 c6 4. Nf3 d5 5. Bb3 Qc7 6. O-O Bg4 7. h3 Bh5
8. g4 Bg6 9. exd5 Bd6 10. Nc3 O-O 11. Bg5 Ne8 12. dxc6 Nxc6 13. Nb5 Qd7 14.
Nxd6 Nxd6 15. Nh4 Kh8 16. c3 h6 17. Nxg6+ fxg6 18. Bh4 g5 19. Bg3 Rf6 20. Bd5
Nf7 21. Be4 Ne7 22. Qe2 Nd5 23. Bf5 Rxf5 24. gxf5 Qxf5 25. Qe4 Qe6 26. Rae1 Nf4
27. Bxf4 gxf4 28. Qxf4 Ng5 29. Qg3 Rf8 30. f4 Nxh3+ 31. Kh2 Nxf4 32. Rxf4 exf4
33. Rxe6 fxg3+ 34. Kxg3 Rf7 35. Kh2 {[1-0,46?]} 1-0

[Event "Flint (MI Senior/2)"]
[Site "?"]
[Date "1993.??.??"]
[Round "?"]
[White "LaForge, Tom"]
[Black "Carpenter, George"]
[Result "1/2-1/2"]
[WhiteElo "2005"]
[BlackElo "1605"]
[PlyCount "77"]
[EventDate "1993.??.??"]

1. e4 d6 2. d4 Nf6 3. Nc3 g6 4. f4 Bg7 5. Nf3 O-O 6. Be2 c6 7. O-O Nbd7 8. e5
dxe5 9. dxe5 Ne8 10. Be3 Nc7 11. Bc4 b5 12. Bb3 Ne6 13. Bxe6 fxe6 14. Nd4 Qb6
15. Nf5 Qd8 16. Nd4 Qb6 17. Qe2 c5 18. Nf3 a6 19. Rad1 Qc6 20. Rd2 Nb6 21. Rfd1
Nc4 22. Rd8 Bb7 23. Rxa8 Bxa8 24. Bc1 Bh6 25. b3 Nb6 26. Ng5 Nd5 27. Nxd5 exd5
28. Qg4 Bxg5 29. Qxg5 d4 30. Re1 Rf5 31. Qg3 e6 32. h3 c4 33. Rf1 d3 34. bxc4
dxc2 35. Qf3 Qc5+ 36. Qf2 Qxc4 37. g4 Rf8 38. Qd2 Qc6 39. Kh2 1/2-1/2

[Event "Flint (MI Senior/4)"]
[Site "?"]
[Date "1993.??.??"]
[Round "?"]
[White "LaForge, Tom"]
[Black "Brady, Lindell"]
[Result "1-0"]
[WhiteElo "2005"]
[BlackElo "1945"]
[PlyCount "71"]
[EventDate "1993.??.??"]

1. e4 e5 2. Bc4 Nc6 3. Nf3 Be7 4. O-O Nf6 5. d3 O-O 6. Re1 d6 7. c3 Na5 8. Bb5
a6 9. Ba4 b5 10. Bc2 c5 11. a4 Bd7 12. Nbd2 Nc6 13. Nf1 Rb8 14. Ne3 Qc8 15. Nd5
Nxd5 16. exd5 Nd8 17. axb5 axb5 18. d4 f6 19. dxc5 Qxc5 20. Be3 Qc8 21. Ra7 f5
22. Bc1 Rb7 23. Rxb7 Qxb7 24. Nd4 Bc8 25. Qe2 Bd7 26. Rd1 Rf7 27. Nf3 b4 28. c4
Qb8 29. Ng5 Bxg5 30. Bxg5 Nb7 31. b3 f4 32. f3 Nc5 33. Bh4 Qa8 34. Bf2 Nb7 35.
Qd2 Qa2 36. Bxh7+ 1-0

[Event "Flint (Beg/5)"]
[Site "?"]
[Date "1993.??.??"]
[Round "?"]
[White "LaFerriere, Larry"]
[Black "Smith, George"]
[Result "1-0"]
[WhiteElo "1605"]
[BlackElo "1605"]
[PlyCount "111"]
[EventDate "1993.??.??"]

1. e4 e5 2. Nf3 Nc6 3. d4 d5 4. Bb5 dxe4 5. Nxe5 a6 6. Nxc6 bxc6 7. Bxc6+ Bd7
8. Bxa8 Qxa8 9. O-O Qd5 10. f3 Bc6 11. Re1 Nf6 12. Nc3 Qh5 13. Bf4 Nd5 14.
Rxe4+ Ne7 15. g4 Qh4 16. Bg3 Qh3 17. Re2 Bxf3 18. Qf1 Qxf1+ 19. Kxf1 Bxe2+ 20.
Nxe2 Nd5 21. Bxc7 Nxc7 22. Re1 Bd6 23. Nc3+ Kd7 24. Ne4 Bxh2 25. Nc5+ Kc6 26.
c4 Kd6 27. Ne4+ Ke7 28. Ng5+ Ne6 29. Nf3 Bg3 30. Re4 g6 31. d5 f5 32. Rxe6+ Kd7
33. Ng5 fxg4 34. Nf7 Rf8 35. Rf6 Be5 36. Nxe5+ Ke7 37. Rxf8 Kxf8 38. d6 Ke8 39.
d7+ Ke7 40. c5 Kd8 41. c6 a5 42. Nf7+ Ke7 43. d8=Q+ Kxf7 44. c7 h5 45. c8=Q Kg7
46. Qg8+ Kh6 47. Qh8+ Kg5 48. Qcd8+ Kf4 49. Qdd4+ Kg5 50. Qde5+ Kh4 51. Qh2+
Kg5 52. Q8e5+ Kh6 53. Qf6 h4 54. Qhf4+ Kh7 55. Qf7+ Kh8 56. Qh6# 1-0

[Event "East Lansing (MOR/4/45)"]
[Site "?"]
[Date "1993.??.??"]
[Round "?"]
[White "LaFerriere, Larry"]
[Black "Phalen, Michael"]
[Result "0-1"]
[WhiteElo "1605"]
[BlackElo "1605"]
[PlyCount "78"]
[EventDate "1993.??.??"]

{4/(45)} 1. e4 e5 2. Nf3 Nc6 3. Bb5 Bc5 4. O-O Nf6 5. d3 d6 6. Bg5 Bg4 7. Nc3
a6 8. Bxc6+ bxc6 9. Bxf6 Qxf6 10. Qe2 Rb8 11. Rab1 O-O 12. Rfd1 Bd4 13. a3 Rb7
14. h3 Bxf3 15. Qxf3 Qxf3 16. gxf3 Rfb8 17. Na4 Bxb2 18. Rxb2 Rxb2 19. Nxb2
Rxb2 20. Rd2 Ra2 21. f4 exf4 22. Re2 h6 23. d4 Rxa3 24. e5 Rxh3 25. exd6 cxd6
26. Re8+ Kh7 27. Rc8 Rc3 28. d5 Rxc2 29. dxc6 a5 30. Kf1 a4 31. Ke1 a3 32. Kd1
Rc5 33. Kd2 h5 34. Kd3 h4 35. Kd4 h3 36. Rc7 f6 37. Ra7 h2 38. Rxa3 h1=Q 39.
Ra7 Qd5# 0-1

[Event "Flint (Beg/2)"]
[Site "?"]
[Date "1993.??.??"]
[Round "?"]
[White "LaFerriere, Larry"]
[Black "Miller, M."]
[Result "0-1"]
[WhiteElo "1605"]
[BlackElo "1605"]
[PlyCount "32"]
[EventDate "1993.??.??"]

1. e4 e5 2. Nf3 Nc6 3. Bb5 Nf6 4. Bxc6 dxc6 5. Nxe5 Bc5 6. O-O Nxe4 7. Ng4 O-O
8. h3 Re8 9. Re1 Bxg4 10. hxg4 Bxf2+ 11. Kf1 Bxe1 12. Qxe1 Qf6+ 13. Kg1 Nd6 14.
Qf1 Qh4 15. g3 Qxg3+ 16. Qg2 Re1# 0-1

[Event "East Lansing (MOR/3/38)"]
[Site "?"]
[Date "1993.??.??"]
[Round "?"]
[White "LaFerriere, Larry"]
[Black "Cunningham, J."]
[Result "0-1"]
[WhiteElo "1605"]
[BlackElo "1605"]
[PlyCount "76"]
[EventDate "1993.??.??"]

{3/(38)} 1. e4 e5 2. Nf3 d6 3. h3 Nf6 4. Nc3 Be7 5. d3 h6 6. Be2 Nbd7 7. Nd5
Nxd5 8. exd5 c6 9. dxc6 bxc6 10. d4 e4 11. Nd2 d5 12. Bg4 Nf6 13. Bxc8 Rxc8 14.
c3 O-O 15. Qa4 Qc7 16. Nb3 Rfe8 17. Nc5 Bxc5 18. dxc5 Re7 19. O-O Nd7 20. b4
Ra8 21. Rb1 Rb8 22. g3 g5 23. Be3 Ne5 24. Qa5 Qc8 25. f4 Nc4 26. Qa4 Nxe3 27.
Rfe1 gxf4 28. gxf4 Qxh3 29. Rb2 Qg3+ 30. Kh1 Qxe1+ 31. Kh2 Re6 32. f5 Qh4+ 33.
Kg1 Nxf5 34. Rh2 Rg6+ 35. Rg2 Rxg2+ 36. Kxg2 Ne3+ 37. Kg1 Qg3+ 38. Kh1 Qg2# 0-1

[Event "East Lansing (MI Op/3/36)"]
[Site "?"]
[Date "1993.??.??"]
[Round "?"]
[White "Kung, Fred"]
[Black "Williams, Ron"]
[Result "0-1"]
[WhiteElo "1815"]
[BlackElo "1880"]
[PlyCount "74"]
[EventDate "1993.??.??"]

{3/(36)} 1. e4 c5 2. Nf3 Nc6 3. d4 cxd4 4. Nxd4 e6 5. Nc3 a6 6. Be3 Nge7 7. Bc4
Qc7 8. Bb3 b5 9. Ndxb5 axb5 10. Nxb5 Qa5+ 11. Nc3 Ng6 12. O-O Be7 13. f4 O-O
14. Qg4 Bc5 15. Nd1 f5 16. exf5 Rxf5 17. Qxf5 Bxe3+ 18. Nxe3 Qb6 19. Qh3 Ba6
20. Rfe1 Kh8 21. Qf3 Rf8 22. g3 Bb7 23. Qf2 Ba8 24. Nc4 Qb5 25. Nd6 Qh5 26. Qe2
Qc5+ 27. Qe3 Qxd6 28. Rad1 Qc7 29. c3 Qb7 30. Qe4 Qc7 31. Qa4 Qb6+ 32. Kf1 Nge5
33. Ke2 Ng4 34. Kd2 Nf2 35. Rc1 Bb7 36. Kc2 Ra8 37. Qc4 Ba6 0-1

[Event "Troy (TCC/A/1b/3)"]
[Site "?"]
[Date "1993.??.??"]
[Round "?"]
[White "Kung, Fred"]
[Black "Taylor, E."]
[Result "1-0"]
[WhiteElo "1875"]
[BlackElo "1950"]
[PlyCount "69"]
[EventDate "1993.??.??"]

1. e4 e6 2. d4 d5 3. e5 c5 4. c3 Nc6 5. Nf3 Qb6 6. Bd3 Bd7 7. O-O cxd4 8. cxd4
Nxd4 9. Nxd4 Qxd4 10. Nc3 Qxe5 11. Re1 Qb8 12. Nxd5 Bd6 13. Qg4 g6 14. Qd4 e5
15. f4 Qc8 16. Kh1 Kf8 17. fxe5 Bc5 18. Qf4 Be6 19. Nf6 h5 20. Nxg8 Kxg8 21.
Bd2 Qd7 22. Be4 Bf8 23. Bc3 Bh6 24. Qf3 Kh7 25. Qxh5 Bg4 26. Qh4 Qe6 27. h3 Kg7
28. Qf6+ Qxf6 29. exf6+ Kf8 30. Bb4+ Kg8 31. Bxb7 Rb8 32. Re7 Be6 33. a3 Bg5
34. Bc3 Kh7 35. Rd1 $138 1-0

[Event "East Lansing (MI Op/2/35)"]
[Site "?"]
[Date "1993.??.??"]
[Round "?"]
[White "Kung, Fred"]
[Black "Robbins, Fred"]
[Result "0-1"]
[WhiteElo "1815"]
[BlackElo "1930"]
[PlyCount "68"]
[EventDate "1993.??.??"]

{2/(35)} 1. e4 Nf6 2. e5 Nd5 3. d4 d6 4. c4 Nb6 5. f4 dxe5 6. fxe5 Nc6 7. Be3
Bf5 8. Nc3 e6 9. Nf3 Qd7 10. Be2 Be7 11. d5 exd5 12. cxd5 Nb4 13. Bb5 c6 14.
dxc6 bxc6 15. Qxd7+ Bxd7 16. Be2 Nc2+ 17. Kf2 Nxa1 18. Rxa1 O-O 19. Ne4 Nd5 20.
Bd4 Bf5 21. Nfd2 Nf4 22. Bf3 Rfd8 23. Bc3 Rac8 24. g4 Be6 25. Nb3 Rd3 26. Rd1
Rcd8 27. Bd4 Rxd1 28. Bxd1 Nd3+ 29. Ke3 Nb4 30. a3 Nd5+ 31. Kf3 Nb6 32. Bc2
Bxb3 33. Bxb6 axb6 34. Bxb3 Rd3+ 0-1